| 000 | 01167nam a22002894a 4500 | ||
|---|---|---|---|
| 001 | ebr5006340 | ||
| 003 | CaPaEBR | ||
| 006 | m u | ||
| 007 | cr cn||||||||| | ||
| 008 | 001108s2001 enka sb 001 0 eng | ||
| 010 | _z 00065143 | ||
| 020 | _z052179546X (paperback) | ||
| 040 |
_aCaPaEBR _cCaPaEBR |
||
| 035 | _a(OCoLC)52523313 | ||
| 050 | 1 | 4 |
_aQA76.76.T48 _bW38 2001eb |
| 082 | 0 | 4 |
_a005.1/4 _221 |
| 100 | 1 |
_aWatkins, John _q(John Edward) |
|
| 245 | 1 | 0 |
_aTesting IT _h[electronic resource] : _ban off-the-shelf software testing process / _cJohn Watkins. |
| 260 |
_aCambridge ; _aNew York : _bCambridge University Press, _c2001. |
||
| 300 |
_axv, 315 p. : _bill. |
||
| 504 | _aIncludes bibliographical references (p. 295-296) and index. | ||
| 533 |
_aElectronic reproduction. _bPalo Alto, Calif. : _cebrary, _d2013. _nAvailable via World Wide Web. _nAccess may be limited to ebrary affiliated libraries. |
||
| 650 | 0 |
_aComputer software _xTesting. |
|
| 655 | 7 |
_aElectronic books. _2local |
|
| 710 | 2 | _aebrary, Inc. | |
| 856 | 4 | 0 |
_uhttp://site.ebrary.com/lib/rucke/Doc?id=5006340 _zAn electronic book accessible through the World Wide Web; click to view |
| 999 |
_c6646 _d6646 |
||